[Event "Tambov Region-ch"]
[Site "Tambov"]
[Date "2019.11.02"]
[Round "7"]
[White "Popov, Tikhon1111"]
[Black "Ryashentsev, Sergey N"]
[Result "1-0"]
[WhiteElo "1608"]
[BlackElo "1705"]
[PlyCount "67"]
[EventDate "2019.10.30"]
[EventType "tourn"]
[EventRounds "9"]
[EventCountry "RUS"]
[SourceTitle "CBM 192 Extra"]
[Source "Chessbase"]
[SourceDate "2019.11.06"]
[SourceVersion "1"]
[SourceVersionDate "2019.11.06"]
[SourceQuality "1"]

1. e4 Nf6 2. e5 Nd5 3. c4 Nb6 4. c5 Nd5 5. Nc3 e6 6. Nxd5 exd5 7. d4 Be7 8. Qg4 0-0 9. Bh6 g6 10. Bxf8 Qxf8 11. h4 Nc6 12. Nf3 d6 13. Qf4 dxc5 14. h5 cxd4 15. hxg6 Bb4+ 16. Kd1 fxg6 17. Qxf8+ Kxf8 18. Rxh7 Kg8 19. Rh1 Bg4 20. Be2 Re8 21. Rh4 Bf5 22. Nxd4 Nxd4 23. Rxd4 c5 24. Rxd5 Be4 25. Rd7 Bxg2 26. Bc4+ Kh8 27. e6 Bf3+ 28. Kc2 b5 29. Bxb5 Rxe6 30. Bc4 Re2+ 31. Bxe2 Bxe2 32. a3 Ba5 33. Rxa7 Bb6 34. Rb7 1-0

[Event "Tambov Region-ch"]
[Site "Tambov"]
[Date "2019.10.30"]
[Round "1"]
[White "Ryashentsev, Sergey N"]
[Black "Streltsov, Oleg V"]
[Result "0-1"]
[WhiteElo "1705"]
[BlackElo "1620"]
[PlyCount "124"]
[EventDate "2019.10.30"]
[EventType "tourn"]
[EventRounds "9"]
[EventCountry "RUS"]
[SourceTitle "CBM 192 Extra"]
[Source "Chessbase"]
[SourceDate "2019.11.06"]
[SourceVersion "1"]
[SourceVersionDate "2019.11.06"]
[SourceQuality "1"]

1. c4 e5 2. Nc3 Nc6 3. g3 d6 4. Bg2 Bd7 5. d3 Nge7 6. Nf3 g6 7. 0-0 Bg7 8. a3 a6 9. Rb1 Rb8 10. Bg5 f6 11. Bd2 0-0 12. b4 Nd4 13. Nxd4 exd4 14. Na2 Qc8 15. b5 axb5 16. cxb5 c5 17. a4 Be6 18. Nc1 b6 19. Nb3 f5 20. Bf4 Be5 21. Bh6 Bg7 22. Bxg7 Kxg7 23. Nd2 Nd5 24. Bxd5 Bxd5 25. Nc4 Rd8 26. Qd2 Qb7 27. f3 Bxc4 28. dxc4 Ra8 29. Ra1 Ra5 30. g4 Rf8 31. h4 Qe7 32. g5 Qe5 33. f4 Qe6 34. Qd3 Re8 35. Rf2 Rea8 36. Qb3 Qe3 37. Qxe3 dxe3 38. Rf3 Rxa4 39. Rxa4 Rxa4 40. Rxe3 Kf7 41. Rc3 Ke6 42. Kf2 d5 43. cxd5+ Kxd5 44. Rd3+ Ke6 45. Kf3 Rb4 46. Ra3 Rxb5 47. Ra7 Rb3+ 48. e3 c4 49. Rxh7 c3 50. Rc7 Kd6 51. Rc8 Kd7 52. Rc4 b5 53. Rd4+ Ke7 54. Ke2 Rb2+ 55. Kd1 b4 56. e4 b3 57. exf5 c2+ 58. Kd2 Rb1 59. Rc4 Rd1+ 60. Ke2 c1Q 61. Rxc1 Rxc1 62. fxg6 b2 0-1